| 000 | 00403nam a2200145Ia 4500 | ||
|---|---|---|---|
| 999 |
_c19354 _d19354 |
||
| 082 | _a370 ROL; | ||
| 245 | 0 | _aRole And Functions Of National Commissions For Unesco | |
| 260 |
_aNew Delhi _bIndian National Commission for Coorporation with Unesco _c1975 |
||
| 300 | _a50p. | ||
| 650 | _aEducation | ||
| 650 | _aEducational reports | ||
| 650 | _aEducational evaluation | ||
| 650 | _aUnesco | ||
| 942 | _cBK | ||